[Event "ZH-2023-0-02231"]
[Site "LSS email"]
[Date "2023.04.02"]
[Round "?"]
[White "Siger, Csaba"]
[Black "Ozen, Bahadir"]
[Result "1/2-1/2"]
[WhiteElo "2072"]
[BlackElo "2251"]
[PlyCount "33"]
[EventDate "2023.04.02"]
[EventType "match (corr)"]
[EventRounds "2"]
[EventCountry "GER"]
[SourceTitle "Corr 2024"]
[Source "ChessBase"]
[SourceDate "2023.10.19"]
[SourceVersion "1"]
[SourceVersionDate "2023.10.19"]
[SourceQuality "1"]

1. e4 e5 2. Nf3 Nc6 3. Bb5 a6 4. Ba4 Nf6 5. 0-0 Nxe4 6. d4 b5 7. Bb3 d5 8. dxe5 Be6 9. Nbd2 Nc5 10. c3 Be7 11. Bc2 d4 12. Nb3 d3 13. Bb1 Nxb3 14. axb3 Bf5 15. b4 0-0 16. Bf4 Qd7 17. h3 1/2-1/2

[Event "ZH-2023-0-02137"]
[Site "LSS email"]
[Date "2023.02.05"]
[Round "?"]
[White "Siger, Csaba"]
[Black "Ozen, Bahadir"]
[Result "1/2-1/2"]
[WhiteElo "2049"]
[BlackElo "2268"]
[PlyCount "75"]
[EventDate "2023.02.05"]
[EventType "match (corr)"]
[EventRounds "2"]
[EventCountry "GER"]
[SourceTitle "Corr 2024"]
[Source "ChessBase"]
[SourceDate "2023.10.19"]
[SourceVersion "1"]
[SourceVersionDate "2023.10.19"]
[SourceQuality "1"]

1. e4 c5 2. Nf3 d6 3. Bb5+ Bd7 4. Bxd7+ Qxd7 5. c4 Nc6 6. Nc3 Nf6 7. d4 cxd4 8. Nxd4 g6 9. f3 Bg7 10. Be3 0-0 11. 0-0 a6 12. Qd3 Ne5 13. Qe2 Rac8 14. b3 b5 15. Nd5 Nxd5 16. cxd5 e6 17. dxe6 fxe6 18. Rad1 Rc3 19. f4 Nc6 20. Nf3 d5 21. e5 Bh6 22. Kh1 Ne7 23. Qf2 a5 24. Bd4 Rc6 25. g3 Rfc8 26. Qd2 b4 27. Rc1 Qb7 28. Kg2 Nf5 29. g4 Nxd4 30. Nxd4 Rxc1 31. Rxc1 Rc3 32. Rxc3 bxc3 33. Qxc3 Bxf4 34. Qxa5 Kf7 35. Nf3 d4 36. Qc5 Be3 37. Qc2 Qd5 38. Qd3 1/2-1/2

[Event "ZH-2023-0-02132"]
[Site "LSS email"]
[Date "2023.02.04"]
[Round "?"]
[White "Siger, Csaba"]
[Black "Ozen, Bahadir"]
[Result "1/2-1/2"]
[WhiteElo "2049"]
[BlackElo "2265"]
[PlyCount "34"]
[EventDate "2023.02.04"]
[EventType "match (corr)"]
[EventRounds "2"]
[EventCountry "GER"]
[SourceTitle "Corr 2024"]
[Source "ChessBase"]
[SourceDate "2023.10.19"]
[SourceVersion "1"]
[SourceVersionDate "2023.10.19"]
[SourceQuality "1"]

1. d4 Nf6 2. c4 e6 3. g3 d5 4. Bg2 Be7 5. Nc3 0-0 6. Nf3 dxc4 7. Ne5 Qd6 8. 0-0 Qa6 9. a4 Nc6 10. Nb5 Nxe5 11. dxe5 Rd8 12. exf6 Rxd1 13. Rxd1 Bd6 14. Bf4 Qa5 15. Bd2 Qb6 16. Be3 Qa6 17. Bf4 Qa5 1/2-1/2

[Event "OP-2022-0-05351"]
[Site "LSS email"]
[Date "2022.11.06"]
[Round "?"]
[White "Chronopoulos, Antonios"]
[Black "Siger, Csaba"]
[Result "1/2-1/2"]
[WhiteElo "2250"]
[BlackElo "2037"]
[PlyCount "25"]
[EventDate "2022.11.02"]
[EventType "tourn (corr)"]
[EventRounds "4"]
[EventCountry "GER"]
[SourceTitle "Corr 2024"]
[Source "ChessBase"]
[SourceDate "2023.10.19"]
[SourceVersion "1"]
[SourceVersionDate "2023.10.19"]
[SourceQuality "1"]

1. e4 c6 2. d4 d5 3. e5 Bf5 4. h4 h5 5. Bd3 Bxd3 6. Qxd3 Qa5+ 7. Nd2 e6 8. Ngf3 Nh6 9. 0-0 Nf5 10. Nb3 Qa6 11. Qd1 b6 12. Bg5 c5 13. dxc5 1/2-1/2

[Event "ZH-2022-0-02070"]
[Site "LSS email"]
[Date "2022.08.25"]
[Round "?"]
[White "Siger, Csaba"]
[Black "Baltar, Antoni"]
[Result "1/2-1/2"]
[WhiteElo "2040"]
[BlackElo "2200"]
[PlyCount "49"]
[EventDate "2022.07.24"]
[EventType "match (corr)"]
[EventRounds "2"]
[EventCountry "GER"]
[SourceTitle "Corr 2024"]
[Source "ChessBase"]
[SourceDate "2023.10.19"]
[SourceVersion "1"]
[SourceVersionDate "2023.10.19"]
[SourceQuality "1"]

1. d4 d5 2. c4 c6 3. cxd5 cxd5 4. Nc3 Nf6 5. Bf4 Qb6 6. e3 Bd7 7. Bd3 e6 8. a3 a6 9. Rb1 Bd6 10. Bg3 Qc7 11. Rc1 Nc6 12. Bh4 Be7 13. Nf3 0-0 14. 0-0 Rfc8 15. Qe2 h6 16. Bb1 Qd8 17. Ne5 Nxe5 18. dxe5 Ne4 19. Bxe7 Qxe7 20. Nxe4 dxe4 21. Bxe4 Bb5 22. Bd3 Rxc1 23. Rxc1 Bxd3 24. Qxd3 Rd8 25. Qc4 1/2-1/2

[Event "OP-2022-0-05288"]
[Site "LSS email"]
[Date "2022.05.19"]
[Round "?"]
[White "Siger, Csaba"]
[Black "Verich, Oleg"]
[Result "1-0"]
[WhiteElo "2033"]
[BlackElo "1149"]
[PlyCount "59"]
[EventDate "2022.05.10"]
[EventType "tourn (corr)"]
[EventRounds "4"]
[EventCountry "GER"]
[SourceTitle "Corr 2024"]
[Source "ChessBase"]
[SourceDate "2023.10.19"]
[SourceVersion "1"]
[SourceVersionDate "2023.10.19"]
[SourceQuality "1"]

1. d4 Nf6 2. c4 g6 3. Nc3 Bg7 4. e4 d6 5. h3 0-0 6. Be3 c6 7. g4 e5 8. d5 cxd5 9. cxd5 a6 10. a4 b6 11. Nf3 Nbd7 12. Nd2 Qc7 13. f3 Bb7 14. h4 Ne8 15. h5 f5 16. hxg6 hxg6 17. gxf5 gxf5 18. exf5 Rxf5 19. Bh3 Rf6 20. Nde4 Kf7 21. Rc1 Nc5 22. b4 Nd7 23. Be6+ Rxe6 24. dxe6+ Kxe6 25. Ng5+ Ke7 26. Nd5+ Bxd5 27. Qxd5 Qxc1+ 28. Bxc1 Rb8 29. Qf7+ Kd8 30. Ne6+ 1-0

[Event "OP-2021-0-05222"]
[Site "LSS email"]
[Date "2021.12.01"]
[Round "?"]
[White "Siger, Csaba"]
[Black "Baltar, Antoni"]
[Result "0-1"]
[WhiteElo "2058"]
[BlackElo "1909"]
[PlyCount "50"]
[EventDate "2021.11.30"]
[EventType "tourn (corr)"]
[EventRounds "4"]
[EventCountry "GER"]
[SourceTitle "Corr 2024"]
[Source "ChessBase"]
[SourceDate "2023.10.19"]
[SourceVersion "1"]
[SourceVersionDate "2023.10.19"]
[SourceQuality "1"]

1. e4 e5 2. Nf3 Nc6 3. Bb5 f5 4. Nc3 fxe4 5. Nxe4 d5 6. Nxe5 dxe4 7. Nxc6 Qg5 8. Qe2 Nf6 9. Nxa7+ Bd7 10. Bxd7+ Nxd7 11. f4 Qf5 12. Nb5 0-0-0 13. a4 Bb4 14. Qc4 Qc5 15. Qxc5 Nxc5 16. Ke2 c6 17. Nc3 Ne6 18. Nxe4 Rhe8 19. Kd1 Nxf4 20. Ng3 Nxg2 21. d3 Ne3+ 22. Bxe3 Rxe3 23. a5 Kb8 24. Ra4 Bd6 25. Kd2 Re5 0-1

[Event "ZH-2021-0-01940"]
[Site "LSS email"]
[Date "2021.06.06"]
[Round "?"]
[White "Siger, Csaba"]
[Black "Zholob, Anatolij"]
[Result "1/2-1/2"]
[WhiteElo "2058"]
[BlackElo "2127"]
[PlyCount "43"]
[EventDate "2021.05.19"]
[EventType "match (corr)"]
[EventRounds "2"]
[EventCountry "GER"]
[SourceTitle "Corr 2024"]
[Source "ChessBase"]
[SourceDate "2023.10.19"]
[SourceVersion "1"]
[SourceVersionDate "2023.10.19"]
[SourceQuality "1"]

1. d4 d5 2. c4 e6 3. Nc3 Nf6 4. Bg5 Be7 5. e3 0-0 6. Rc1 h6 7. Bh4 b6 8. cxd5 Nxd5 9. Nxd5 exd5 10. Bxe7 Qxe7 11. Bd3 Bb7 12. Nf3 c5 13. dxc5 bxc5 14. 0-0 Nd7 15. b4 d4 16. bxc5 Nxc5 17. exd4 Nxd3 18. Qxd3 Qe6 19. Qa3 Rfc8 20. Rce1 Qf6 21. Ne5 Ba6 22. Ng4 1/2-1/2

[Event "LSS SA-2021-0-00758"]
[Site "LSS email"]
[Date "2021.05.17"]
[Round "?"]
[White "Luers, Lavas"]
[Black "Siger, Csaba"]
[Result "1/2-1/2"]
[WhiteElo "2089"]
[BlackElo "2052"]
[PlyCount "44"]
[EventDate "2021.04.01"]
[EventType "tourn (corr)"]
[EventRounds "6"]
[EventCountry "GER"]
[SourceTitle "Corr 2024"]
[Source "ChessBase"]
[SourceDate "2023.10.19"]
[SourceVersion "1"]
[SourceVersionDate "2023.10.19"]
[SourceQuality "1"]

1. c4 e6 2. g3 d5 3. Bg2 dxc4 4. Qa4+ Nd7 5. Qxc4 c5 6. d3 Be7 7. Nf3 Ngf6 8. 0-0 0-0 9. Qb3 Nb8 10. Ne5 Qc7 11. Nc4 Nc6 12. Nc3 h6 13. Nb5 Qd7 14. Rd1 b6 15. d4 cxd4 16. Be3 Bc5 17. Bxd4 Bxd4 18. e3 Rb8 19. Nxd4 Nxd4 20. Rxd4 Qe7 21. Qc2 Bd7 22. b3 Rbc8 1/2-1/2

[Event "LSS SA-2021-0-00758"]
[Site "LSS email"]
[Date "2021.05.14"]
[Round "?"]
[White "Cleto Junior, Dirceu"]
[Black "Siger, Csaba"]
[Result "1/2-1/2"]
[WhiteElo "2082"]
[BlackElo "2052"]
[PlyCount "39"]
[EventDate "2021.04.01"]
[EventType "tourn (corr)"]
[EventRounds "6"]
[EventCountry "GER"]
[SourceTitle "Corr 2024"]
[Source "ChessBase"]
[SourceDate "2023.10.19"]
[SourceVersion "1"]
[SourceVersionDate "2023.10.19"]
[SourceQuality "1"]

1. e4 e6 2. d4 d5 3. Nc3 Nf6 4. e5 Nfd7 5. f4 c5 6. Nf3 Nc6 7. Be3 a6 8. Qd2 b5 9. dxc5 Bxc5 10. Bd3 Qb6 11. Bf2 0-0 12. 0-0 Bxf2+ 13. Qxf2 b4 14. Qxb6 Nxb6 15. Ne2 a5 16. Ned4 Nxd4 17. Nxd4 Ba6 18. Bxa6 Rxa6 19. a3 bxa3 20. b3 1/2-1/2

[Event "OP-2021-0-05133"]
[Site "LSS email"]
[Date "2021.04.24"]
[Round "?"]
[White "Gonzalez Castells, Jose Maria"]
[Black "Siger, Csaba"]
[Result "0-1"]
[WhiteElo "1462"]
[BlackElo "2051"]
[PlyCount "165"]
[EventDate "2021.04.24"]
[EventType "tourn (corr)"]
[EventRounds "4"]
[EventCountry "GER"]
[SourceTitle "Corr 2024"]
[Source "ChessBase"]
[SourceDate "2023.10.19"]
[SourceVersion "1"]
[SourceVersionDate "2023.10.19"]
[SourceQuality "1"]

1. c4 e6 2. d4 Nf6 3. Nf3 b6 4. Nc3 Bb7 5. a3 d5 6. Bf4 Bd6 7. Bxd6 cxd6 8. e3 0-0 9. cxd5 Nxd5 10. Nxd5 Bxd5 11. Bd3 Nd7 12. e4 Bb7 13. 0-0 b5 14. Qd2 h6 15. Rac1 Qb6 16. Qb4 Nf6 17. e5 dxe5 18. Nxe5 a6 19. Rfe1 Nd5 20. Qd2 Rfc8 21. Nd7 Qd6 22. Nc5 Bc6 23. Ne4 Qf4 24. Qd1 Ne7 25. g3 Qc7 26. Qg4 f5 27. Nf6+ Kf8 28. Nh7+ Kg8 29. Nf6+ Kf7 30. Qe2 Qd6 31. Nh5 Qd5 32. f3 Qxd4+ 33. Kg2 Qd6 34. Bb1 Bd5 35. Rcd1 Qc6 36. Nf4 Bb3 37. Rd2 Rd8 38. h4 Bc4 39. Bd3 Bb3 40. Qe5 Rac8 41. Nh5 Rg8 42. Nf4 Rcd8 43. Rde2 Rd6 44. Bb1 Bc4 45. Rf2 Qb6 46. a4 g5 47. hxg5 hxg5 48. Nh5 Qd4 49. axb5 axb5 50. g4 Ng6 51. Qxd4 Rxd4 52. Kg3 f4+ 53. Kg2 Nh4+ 54. Kh3 Bd5 55. Be4 e5 56. Ra1 Bxe4 57. Ra7+ Ke6 58. fxe4 Rgd8 59. Ng7+ Kf6 60. Nh5+ Kg6 61. b3 Rd2 62. Ra6+ Kf7 63. Ra7+ Kf8 64. Rxd2 Rxd2 65. Ra1 Nf3 66. Rh1 Rb2 67. Nf6 Rxb3 68. Kg2 Nh4+ 69. Kh2 Rb2+ 70. Kh3 Nf3 71. Nd7+ Ke7 72. Nc5 Kd6 73. Nd3 Rd2 74. Nc1 Nd4 75. Rf1 Kc5 76. Re1 b4 77. Rg1 Kc4 78. Rf1 Kc3 79. Rg1 Nf3 80. Rg2 b3 81. Nxb3 Rxg2 82. Kxg2 Nh4+ 83. Kf2 0-1

[Event "ZH-2020-0-01824"]
[Site "LSS email"]
[Date "2020.02.14"]
[Round "?"]
[White "Siger, Csaba"]
[Black "Jarabinsky, Martin"]
[Result "1-0"]
[WhiteElo "2022"]
[BlackElo "2274"]
[PlyCount "91"]
[EventDate "2020.02.05"]
[EventType "match (corr)"]
[EventRounds "2"]
[EventCountry "GER"]
[SourceTitle "Corr 2022"]
[Source "ChessBase"]
[SourceDate "2021.10.24"]
[SourceVersion "1"]
[SourceVersionDate "2021.10.24"]
[SourceQuality "1"]

1. e4 c6 2. d4 d5 3. e5 Bf5 4. Nf3 e6 5. Be2 Nd7 6. 0-0 Ne7 7. Nbd2 h6 8. a4 c5 9. c4 Nc6 10. cxd5 exd5 11. dxc5 Bxc5 12. Nb3 0-0 13. Qxd5 Be6 14. Qd1 Qe7 15. Nxc5 Nxc5 16. Be3 Nb3 17. Ra3 Rfd8 18. Qb1 Rd7 19. h3 Rad8 20. Rd1 Ncd4 21. Nxd4 Nxd4 22. Bd3 Qc5 23. f4 Qb4 24. Kh2 Nf5 25. Bc1 g6 26. Rc3 Qxa4 27. Bc2 Qa2 28. Qxa2 Bxa2 29. Rxd7 Rxd7 30. g4 Nd4 31. Bd3 a6 32. Be3 Kg7 33. Ra3 Be6 34. Be4 Bd5 35. Bb1 Bc4 36. Kg3 Bb5 37. Kf2 Nc6 38. Be4 g5 39. Bxc6 Bxc6 40. fxg5 hxg5 41. Bxg5 Kg6 42. Bf6 Rd2+ 43. Ke3 Rd1 44. b4 Bd5 45. Rc3 Be6 46. Ke4 1-0

[Event "WC-2019-S-00007"]
[Site "LSS email"]
[Date "2019.08.28"]
[Round "?"]
[White "Siger, Csaba"]
[Black "Madrid, Antonio"]
[Result "1/2-1/2"]
[WhiteElo "1958"]
[BlackElo "1816"]
[PlyCount "83"]
[EventDate "2019.09.01"]
[EventType "tourn (corr)"]
[EventRounds "12"]
[EventCountry "GER"]
[SourceTitle "Corr 2024"]
[Source "ChessBase"]
[SourceDate "2023.10.19"]
[SourceVersion "1"]
[SourceVersionDate "2023.10.19"]
[SourceQuality "1"]

1. e4 e6 2. d4 d5 3. Nc3 Nf6 4. e5 Nfd7 5. f4 c5 6. Be3 Nc6 7. Nf3 cxd4 8. Nxd4 Bc5 9. Qd2 Nxd4 10. Bxd4 Bxd4 11. Qxd4 Qb6 12. Qd2 Nc5 13. 0-0-0 Bd7 14. Qd4 Bc6 15. h4 Nd7 16. Qxb6 Nxb6 17. Be2 Ke7 18. Bf3 Nc4 19. Ne2 Na5 20. Rhe1 Rhd8 21. b3 Bd7 22. Kb2 Nc6 23. a3 Rac8 24. g4 a6 25. g5 Rh8 26. f5 exf5 27. Bxd5 Be6 28. Nf4 Rhd8 29. c4 b5 30. c5 Bxd5 31. Nxd5+ Ke8 32. b4 Rd7 33. Ne3 Rxd1 34. Rxd1 f4 35. Nf5 Kf8 36. Rf1 Nxe5 37. Kc2 f3 38. Nd4 Re8 39. Nxf3 Nxf3 40. Rxf3 Re4 41. Rh3 Ke7 42. Kd3 1/2-1/2

[Event "WC-2019-S-00007"]
[Site "LSS email"]
[Date "2019.08.28"]
[Round "?"]
[White "Siger, Csaba"]
[Black "Turoczi, Peter"]
[Result "1/2-1/2"]
[WhiteElo "1958"]
[BlackElo "2020"]
[PlyCount "43"]
[EventDate "2019.09.01"]
[EventType "tourn (corr)"]
[EventRounds "12"]
[EventCountry "GER"]
[SourceTitle "Corr 2024"]
[Source "ChessBase"]
[SourceDate "2023.10.19"]
[SourceVersion "1"]
[SourceVersionDate "2023.10.19"]
[SourceQuality "1"]

1. e4 e6 2. d4 d5 3. Nc3 dxe4 4. Nxe4 Nd7 5. Bd3 c5 6. Nf3 Ngf6 7. 0-0 Nxe4 8. Bxe4 Nf6 9. Bg5 cxd4 10. Nxd4 Be7 11. Bf3 0-0 12. c3 e5 13. Nc2 Be6 14. Ne3 Nd7 15. Bxe7 Qxe7 16. Qe2 Nf6 17. Qb5 Qc7 18. Rad1 e4 19. Be2 h6 20. a3 Rfd8 21. h3 a6 22. Qb4 1/2-1/2

[Event "SB-2019-0-00569"]
[Site "LSS email"]
[Date "2019.04.16"]
[Round "?"]
[White "Knoeppel, Bjoern"]
[Black "Siger, Csaba"]
[Result "1/2-1/2"]
[WhiteElo "1980"]
[BlackElo "1937"]
[PlyCount "54"]
[EventDate "2019.02.14"]
[EventType "tourn (corr)"]
[EventRounds "6"]
[EventCountry "GER"]
[SourceTitle "Corr 2022"]
[Source "ChessBase"]
[SourceDate "2021.10.24"]
[SourceVersion "1"]
[SourceVersionDate "2021.10.24"]
[SourceQuality "1"]

1. e4 e6 2. Qe2 c5 3. Nf3 Be7 4. g3 d5 5. d3 Nf6 6. Bg2 Nc6 7. 0-0 b5 8. Re1 0-0 9. e5 Nd7 10. h4 a5 11. Bf4 Ba6 12. Nbd2 b4 13. Nf1 c4 14. Qe3 Qb6 15. d4 a4 16. Bg5 Bxg5 17. hxg5 Qc7 18. Qf4 Rfc8 19. Ne3 Nf8 20. Nd1 c3 21. bxc3 bxc3 22. a3 Qb6 23. Qe3 Ne7 24. Bh3 Rc4 25. Rc1 Rac8 26. Kh2 Rb8 27. Ra1 Rb7 1/2-1/2

[Event "SB-2019-0-00569"]
[Site "LSS email"]
[Date "2019.04.16"]
[Round "?"]
[White "Kraujunas, Vladas"]
[Black "Siger, Csaba"]
[Result "0-1"]
[WhiteElo "1832"]
[BlackElo "1937"]
[PlyCount "96"]
[EventDate "2019.02.14"]
[EventType "tourn (corr)"]
[EventRounds "6"]
[EventCountry "GER"]
[SourceTitle "Corr 2022"]
[Source "ChessBase"]
[SourceDate "2021.10.24"]
[SourceVersion "1"]
[SourceVersionDate "2021.10.24"]
[SourceQuality "1"]

1. e4 e6 2. d4 d5 3. Nc3 dxe4 4. Nxe4 Nf6 5. Bg5 Be7 6. Bxf6 gxf6 7. Nf3 f5 8. Nc3 a6 9. g3 b5 10. Bg2 Bb7 11. 0-0 c5 12. Ne2 cxd4 13. Nexd4 0-0 14. Ne5 Bxg2 15. Kxg2 Bf6 16. f4 Qc7 17. Re1 Rd8 18. c3 Bxe5 19. Rxe5 Nd7 20. Re1 Nf6 21. a3 Rd5 22. Qe2 Rad8 23. Rad1 Qd7 24. h3 Kh8 25. Rc1 a5 26. Kh2 b4 27. axb4 axb4 28. Nf3 Ne4 29. c4 Rd6 30. c5 Rd5 31. c6 Qc7 32. Rc4 R8d6 33. Rec1 Nd2 34. R4c2 Nb3 35. Rg1 Rxc6 36. Rxc6 Qxc6 37. Rg2 f6 38. Qe3 Nc5 39. Rc2 Qd6 40. Kg2 b3 41. Rc4 Kg8 42. Nd4 Qe7 43. h4 h5 44. Qf3 Kg7 45. Qxh5 Qd7 46. Qd1 Kh6 47. Qd2 Qb7 48. Kh2 Ne4 0-1

[Event "SB-2019-0-00566"]
[Site "LSS email"]
[Date "2019.03.11"]
[Round "?"]
[White "Bujdak, Pavel"]
[Black "Siger, Csaba"]
[Result "1/2-1/2"]
[WhiteElo "1972"]
[BlackElo "1934"]
[PlyCount "52"]
[EventDate "2019.01.27"]
[EventType "tourn (corr)"]
[EventRounds "6"]
[EventCountry "GER"]
[SourceTitle "Corr 2022"]
[Source "ChessBase"]
[SourceDate "2021.10.24"]
[SourceVersion "1"]
[SourceVersionDate "2021.10.24"]
[SourceQuality "1"]

1. e4 e6 2. d4 d5 3. Nd2 c5 4. Ngf3 cxd4 5. exd5 Qxd5 6. Bc4 Qd6 7. 0-0 Nf6 8. Re1 Nc6 9. Nb3 Bd7 10. Nbxd4 Nxd4 11. Nxd4 Qc7 12. Qe2 Bc5 13. c3 Bxd4 14. cxd4 0-0 15. b3 Bc6 16. Bg5 Ne4 17. Be3 Nd6 18. Qg4 Qa5 19. Rad1 Qf5 20. Qxf5 Nxf5 21. d5 exd5 22. Bxd5 Nxe3 23. Rxe3 Rad8 24. Red3 Rxd5 25. Rxd5 Bxd5 26. Rxd5 Re8 1/2-1/2

[Event "SB-2019-0-00566"]
[Site "LSS email"]
[Date "2019.03.11"]
[Round "?"]
[White "Vasseur, Olivier"]
[Black "Siger, Csaba"]
[Result "0-1"]
[WhiteElo "1846"]
[BlackElo "1934"]
[PlyCount "68"]
[EventDate "2019.01.27"]
[EventType "tourn (corr)"]
[EventRounds "6"]
[EventCountry "GER"]
[SourceTitle "Corr 2022"]
[Source "ChessBase"]
[SourceDate "2021.10.24"]
[SourceVersion "1"]
[SourceVersionDate "2021.10.24"]
[SourceQuality "1"]

1. e4 e6 2. d4 d5 3. e5 c5 4. c3 Qb6 5. Nf3 Bd7 6. Be2 Bb5 7. c4 Bxc4 8. Bxc4 dxc4 9. d5 exd5 10. Qxd5 Ne7 11. Qxc4 Qb4+ 12. Qxb4 cxb4 13. Bf4 Ng6 14. Bg3 Be7 15. Nbd2 h5 16. h3 0-0 17. 0-0 Nc6 18. Rfe1 Rad8 19. Rad1 Rd5 20. Nc4 Rc5 21. b3 Rd8 22. Rxd8+ Nxd8 23. Rd1 Ne6 24. Kf1 b5 25. Nd6 Rc2 26. Rd2 Rc1+ 27. Ke2 a6 28. Ke3 Rc3+ 29. Rd3 h4 30. Bh2 Ngf4 31. Bxf4 Nxf4 32. Rxc3 bxc3 33. Ne1 g5 34. a4 f6 0-1

[Event "SB-2018-0-00551"]
[Site "LSS email"]
[Date "2018.11.06"]
[Round "?"]
[White "Celan, Melissa"]
[Black "Siger, Csaba"]
[Result "1-0"]
[WhiteElo "2003"]
[BlackElo "1937"]
[PlyCount "61"]
[EventDate "2018.09.30"]
[EventType "tourn (corr)"]
[EventRounds "6"]
[EventCountry "GER"]
[SourceTitle "Corr 2022"]
[Source "ChessBase"]
[SourceDate "2021.10.24"]
[SourceVersion "1"]
[SourceVersionDate "2021.10.24"]
[SourceQuality "1"]

1. d4 Nf6 2. Nf3 e6 3. g3 b5 4. Bg2 Bb7 5. 0-0 Be7 6. Qd3 a6 7. a4 b4 8. c4 d6 9. Nbd2 Nbd7 10. e4 e5 11. Re1 0-0 12. Nb3 c5 13. d5 a5 14. h3 Nb6 15. Nbd2 Bc8 16. b3 h6 17. Nh4 g6 18. Nf1 Kh7 19. Ra2 Bd7 20. f4 exf4 21. Nf3 fxg3 22. Nxg3 Ng8 23. Rf2 Bc8 24. Ref1 Qe8 25. e5 dxe5 26. d6 Bf6 27. Ne4 Nd7 28. Nxf6+ Ndxf6 29. Nd2 Ra6 30. Rxf6 Nxf6 31. Rxf6 1-0

[Event "SB-2018-0-00551"]
[Site "LSS email"]
[Date "2018.11.06"]
[Round "?"]
[White "Siger, Csaba"]
[Black "Knoeppel, Bjoern"]
[Result "1-0"]
[WhiteElo "1937"]
[BlackElo "2024"]
[PlyCount "109"]
[EventDate "2018.09.30"]
[EventType "tourn (corr)"]
[EventRounds "6"]
[EventCountry "GER"]
[SourceTitle "Corr 2022"]
[Source "ChessBase"]
[SourceDate "2021.10.24"]
[SourceVersion "1"]
[SourceVersionDate "2021.10.24"]
[SourceQuality "1"]

1. e4 Nc6 2. d4 e5 3. dxe5 Nxe5 4. Nf3 Nxf3+ 5. gxf3 Qf6 6. Nc3 Bb4 7. Bd2 Ne7 8. Qe2 b6 9. a3 Bd6 10. h4 Bf4 11. Bxf4 Qxf4 12. Qe3 Qxe3+ 13. fxe3 Bb7 14. Nb5 Kd8 15. Kf2 g6 16. Rd1 a6 17. Nc3 f6 18. Rg1 d6 19. h5 Bc6 20. b4 g5 21. e5 fxe5 22. Rxg5 Rf8 23. Be2 Ke8 24. Rg7 Rf7 25. Rdg1 h6 26. Bc4 d5 27. Bb3 Rxg7 28. Rxg7 Rd8 29. Rh7 Rd6 30. e4 d4 31. Rh8+ Kd7 32. Nb1 Rf6 33. Nd2 b5 34. Ke2 Kd6 35. f4 exf4 36. Nf3 Bxe4 37. Rd8+ Kc6 38. Ne5+ Kb7 39. Nd7 Rc6 40. Nc5+ Rxc5 41. bxc5 f3+ 42. Kf2 Nf5 43. Bd5+ Bxd5 44. Rxd5 Ne3 45. Rxd4 Nxc2 46. Rg4 Nxa3 47. Rg6 b4 48. Rxh6 Nc4 49. Kxf3 b3 50. Re6 b2 51. Re1 Ne5+ 52. Kg3 Nd3 53. Rb1 Nxc5 54. Rxb2+ Kc8 55. h6 1-0

[Event "CP-2018-P-00034"]
[Site "LSS email"]
[Date "2018.09.27"]
[Round "?"]
[White "Siger, Csaba"]
[Black "Roldan Ortiz, Antonio Jose"]
[Result "1-0"]
[WhiteElo "1937"]
[BlackElo "1670"]
[PlyCount "55"]
[EventDate "2018.10.01"]
[EventType "tourn (corr)"]
[EventRounds "6"]
[EventCountry "GER"]
[SourceTitle "Corr 2022"]
[Source "ChessBase"]
[SourceDate "2021.10.24"]
[SourceVersion "1"]
[SourceVersionDate "2021.10.24"]
[SourceQuality "1"]

1. d4 Nf6 2. c4 e5 3. dxe5 Ng4 4. Bf4 Nc6 5. Nf3 Bb4+ 6. Nc3 Qe7 7. Rc1 Ngxe5 8. Nxe5 Nxe5 9. a3 Bxc3+ 10. Rxc3 0-0 11. g3 d6 12. Bg2 Rb8 13. c5 b6 14. cxd6 cxd6 15. 0-0 Bb7 16. Bxb7 Rxb7 17. Qd5 Rd7 18. Rd1 Ng6 19. Re3 Qf6 20. Bg5 Qxb2 21. Qc6 Ne5 22. Rxe5 Qxe5 23. Qxd7 Qxg5 24. Qxa7 Qc5 25. Rb1 h5 26. h4 Re8 27. Rxb6 Rxe2 28. Rb8+ 1-0

[Event "OP-2018-0-04632"]
[Site "LSS email"]
[Date "2018.08.08"]
[Round "?"]
[White "Reyes Sablon, Alberto"]
[Black "Siger, Csaba"]
[Result "1-0"]
[WhiteElo "800"]
[BlackElo "1923"]
[PlyCount "69"]
[EventDate "2018.07.28"]
[EventType "tourn (corr)"]
[EventRounds "4"]
[EventCountry "GER"]
[SourceTitle "Corr 2022"]
[Source "ChessBase"]
[SourceDate "2021.10.24"]
[SourceVersion "1"]
[SourceVersionDate "2021.10.24"]
[SourceQuality "1"]

1. d4 Nf6 2. c4 g6 3. Nc3 d5 4. cxd5 Nxd5 5. e4 Nxc3 6. bxc3 Bg7 7. Bb5+ c6 8. Bc4 0-0 9. Ne2 c5 10. 0-0 Nc6 11. Be3 Bg4 12. f3 Na5 13. Bxf7+ Rxf7 14. fxg4 Rxf1+ 15. Kxf1 Qd7 16. h3 Nc4 17. Bf2 cxd4 18. cxd4 Rf8 19. Kg1 b5 20. a4 a6 21. axb5 axb5 22. g5 e6 23. e5 Qb7 24. Qc2 Nb6 25. Ng3 Nd5 26. Ne4 Ra8 27. Rb1 b4 28. Nf6+ Bxf6 29. exf6 Kf7 30. Bg3 Ra5 31. Kh2 Ra8 32. Qe4 Ra7 33. Rc1 Qa6 34. Qh4 Kg8 35. Be5 1-0

[Event "OP-2018-0-04632"]
[Site "LSS email"]
[Date "2018.08.08"]
[Round "?"]
[White "Siger, Csaba"]
[Black "Rost, Bernd"]
[Result "0-1"]
[WhiteElo "1923"]
[BlackElo "800"]
[PlyCount "56"]
[EventDate "2018.07.28"]
[EventType "tourn (corr)"]
[EventRounds "4"]
[EventCountry "GER"]
[SourceTitle "Corr 2022"]
[Source "ChessBase"]
[SourceDate "2021.10.24"]
[SourceVersion "1"]
[SourceVersionDate "2021.10.24"]
[SourceQuality "1"]

1. d4 Nf6 2. c4 g6 3. Nc3 d5 4. Qb3 dxc4 5. Qxc4 Bg7 6. e4 0-0 7. Nf3 b6 8. e5 Be6 9. exf6 Bxc4 10. fxg7 Kxg7 11. Bxc4 Nd7 12. 0-0 c6 13. Bf4 Nf6 14. Be5 b5 15. Bd3 Kg8 16. Rfe1 a6 17. Ne4 Nd5 18. Rac1 Qb6 19. Bg3 Rfd8 20. Nc5 a5 21. a3 a4 22. h3 Rac8 23. Re2 Kg7 24. Bb1 Re8 25. Ba2 b4 26. Bc4 Ra8 27. Ne5 h5 28. Ned3 e6 0-1

[Event "OP-2018-0-04536"]
[Site "LSS email"]
[Date "2018.02.25"]
[Round "?"]
[White "Barsabas, Jose"]
[Black "Siger, Csaba"]
[Result "0-1"]
[WhiteElo "1189"]
[BlackElo "1928"]
[PlyCount "22"]
[EventDate "2018.02.21"]
[EventType "tourn (corr)"]
[EventRounds "4"]
[EventCountry "GER"]
[SourceTitle "Corr 2022"]
[Source "ChessBase"]
[SourceDate "2021.10.24"]
[SourceVersion "1"]
[SourceVersionDate "2021.10.24"]
[SourceQuality "1"]

1. d4 Nf6 2. Bg5 d5 3. Bxf6 exf6 4. e3 Be6 5. g3 c6 6. Bg2 Qb6 7. Nd2 Qxb2 8. Ne2 Bd6 9. 0-0 0-0 10. Nf4 Bxf4 11. exf4 Qxd4 0-1